| 000 | 00540nam a2200181Ia 4500 | ||
|---|---|---|---|
| 999 |
_c5669 _d5669 |
||
| 003 | OSt | ||
| 005 | 20200121102405.0 | ||
| 008 | 190216s9999||||xx |||||||||||||| ||und|| | ||
| 020 | _a9788170143772 | ||
| 040 | _coclc | ||
| 082 |
_a658.45 _bPAL/E |
||
| 100 |
_aPal, Rajendra _91316 |
||
| 245 | 0 |
_aEssentials Of Business Communication / _cRajendra Pal ; J S Korlahalli |
|
| 250 | _a8th ed. | ||
| 260 |
_bSulthan Chand & Sons, _c1997. _aNew Delhi: |
||
| 300 | _a526p | ||
| 942 |
_cBK _2ddc _h658.45 _iPAL/E _k658.45 _mPAL/E |
||